[Event "Isle of Wight blitz op1"]
[Site "Isle of Wight"]
[Date "2025.02.19"]
[Round "3"]
[White "Briem, Kjartan"]
[Black "Westcott, Dale"]
[Result "0-1"]
[WhiteElo "1589"]
[BlackElo "1750"]
[PlyCount "74"]
[EventDate "2025.02.19"]
[EventType "swiss (blitz)"]
[EventRounds "7"]
[EventCountry "ENG"]
[SourceTitle "CB08_2025"]
[SourceDate "2025.02.19"]
[SourceVersion "1"]
[SourceVersionDate "2025.02.19"]
[SourceQuality "1"]

1. d4 d5 2. Bf4 c5 3. c3 Nc6 4. e3 Qb6 5. Qb3 c4 6. Qxb6 axb6 7. Nd2 Nf6 8. h3 Bf5 9. Ngf3 e6 10. Be2 b5 11. 0-0 b4 12. Ne5 Nxe5 13. dxe5 Nd7 14. Nf3 h6 15. Rfd1 Bc2 16. Rdc1 Bf5 17. Nd4 Bg6 18. Nb5 Rc8 19. Nd6+ Bxd6 20. exd6 bxc3 21. bxc3 0-0 22. Bg3 Rc6 23. f4 Nc5 24. a4 Nb3 25. Re1 Nxa1 26. Rxa1 Rd8 27. Kf2 Bd3 28. Bd1 Rcxd6 29. f5 Rb6 30. Bc7 Rb2+ 31. Kg3 Rd7 32. Be5 Be4 33. Bf3 exf5 34. Bd4 Rd6 35. Kf4 g5+ 36. Kg3 Kh7 37. a5 Ra6 0-1

[Event "Isle of Wight blitz op1"]
[Site "Isle of Wight"]
[Date "2025.02.19"]
[Round "5"]
[White "Keohane, Benedict A"]
[Black "Westcott, Dale"]
[Result "1-0"]
[WhiteElo "1976"]
[BlackElo "1750"]
[PlyCount "45"]
[EventDate "2025.02.19"]
[EventType "swiss (blitz)"]
[EventRounds "7"]
[EventCountry "ENG"]
[SourceTitle "CB08_2025"]
[SourceDate "2025.02.19"]
[SourceVersion "1"]
[SourceVersionDate "2025.02.19"]
[SourceQuality "1"]

1. e4 c5 2. d4 cxd4 3. c3 Nf6 4. e5 Nd5 5. g3 e6 6. Bg2 dxc3 7. Nxc3 Nxc3 8. bxc3 Nc6 9. Nf3 Bc5 10. 0-0 0-0 11. Ng5 h6 12. Ne4 b6 13. Qh5 Be7 14. Rd1 Qc7 15. f4 Bb7 16. g4 Na5 17. g5 hxg5 18. Rd3 f5 19. exf6 Bxf6 20. fxg5 Bxe4 21. Bxe4 Qc5+ 22. Be3 Qe5 23. Bh7+ 1-0

[Event "Isle of Wight blitz op1"]
[Site "Isle of Wight"]
[Date "2025.02.19"]
[Round "2"]
[White "Westcott, Dale"]
[Black "Larchikov, Maksym"]
[Result "0-1"]
[WhiteElo "1750"]
[BlackElo "2023"]
[PlyCount "74"]
[EventDate "2025.02.19"]
[EventType "swiss (blitz)"]
[EventRounds "7"]
[EventCountry "ENG"]
[SourceTitle "CB08_2025"]
[SourceDate "2025.02.19"]
[SourceVersion "1"]
[SourceVersionDate "2025.02.19"]
[SourceQuality "1"]

1. Nf3 d5 2. g3 Nf6 3. Bg2 Bf5 4. 0-0 e6 5. c4 c6 6. Qb3 Qb6 7. d3 Na6 8. Be3 Bc5 9. Bxc5 Nxc5 10. Qxb6 axb6 11. Nc3 Na4 12. Nxa4 Rxa4 13. b3 Ra3 14. Nd4 Bg6 15. Rfe1 0-0 16. Nc2 Ra7 17. e4 dxe4 18. dxe4 Rfa8 19. a4 Nd7 20. Red1 Nc5 21. b4 Nxe4 22. a5 bxa5 23. bxa5 Nc5 24. Ne3 Kf8 25. Ng4 Rxa5 26. Rxa5 Rxa5 27. Ne5 Ra8 28. Nxg6+ hxg6 29. Rb1 Ra4 30. Bf1 Ke7 31. Kg2 Ra3 32. h4 Kd6 33. Rd1+ Kc7 34. Rd4 f5 35. g4 Ra2 36. h5 gxh5 37. gxh5 Ne4 0-1

[Event "BCF-ch PM U2050 op"]
[Site "Hull"]
[Date "2024.07.31"]
[Round "3"]
[White "Thomas, James1"]
[Black "Westcott, Dale"]
[Result "1-0"]
[WhiteElo "1620"]
[BlackElo "1769"]
[PlyCount "119"]
[EventDate "2024.07.29"]
[EventType "swiss"]
[EventRounds "6"]
[EventCountry "ENG"]
[SourceTitle "CBM 221 Extra"]
[Source "ChessBase"]
[SourceDate "2024.09.30"]
[SourceVersion "1"]
[SourceVersionDate "2024.09.30"]
[SourceQuality "1"]

1. Nf3 d5 2. g3 g6 3. c4 dxc4 4. Na3 Bg7 5. Nxc4 Nc6 6. Bg2 e5 7. d3 Be6 8. 0-0 Nge7 9. Ng5 Bd5 10. e4 Bxc4 11. dxc4 Qxd1 12. Rxd1 Nd4 13. Nf3 Nec6 14. Nxd4 Nxd4 15. f4 0-0-0 16. Bd2 Bh6 17. Kf2 exf4 18. gxf4 Ne6 19. Bh3 Rd3 20. Be3 Rhd8 21. Rxd3 Rxd3 22. Ke2 Rd8 23. f5 Nd4+ 24. Bxd4 Rxd4 25. fxg6+ Kd8 26. gxh7 Rxe4+ 27. Kd3 Re3+ 28. Kc2 Re2+ 29. Kd3 Re3+ 30. Kc2 Re2+ 31. Kb3 Re3+ 32. Ka4 Bg7 33. Bf5 Re5 34. Rg1 Bf6 35. Rg8+ Ke7 36. Bg4 Re4 37. h3 Bxb2 38. h8Q Bxh8 39. Rxh8 Rxc4+ 40. Kb3 Re4 41. Rc8 Kd6 42. Rd8+ Kc5 43. Rd7 Re3+ 44. Kc2 Kc6 45. Rxf7 a5 46. a4 Rg3 47. Rf3 Rg2+ 48. Kb3 Rd2 49. Kc4 b6 50. Rf6+ Kb7 51. Rf8 c5 52. Rf7+ Kc6 53. Rf6+ Kc7 54. Rf4 Kd6 55. Kb5 Rb2+ 56. Ka6 Ke5 57. Rf5+ Kd4 58. Rf6 Rb4 59. Rf4+ Ke3 60. Rxb4 1-0

[Event "BCF-ch PM U2050 op"]
[Site "Hull"]
[Date "2024.07.30"]
[Round "2"]
[White "Westcott, Dale"]
[Black "Yu, William1"]
[Result "1-0"]
[WhiteElo "1769"]
[BlackElo "1651"]
[PlyCount "51"]
[EventDate "2024.07.29"]
[EventType "swiss"]
[EventRounds "6"]
[EventCountry "ENG"]
[SourceTitle "CBM 221 Extra"]
[Source "ChessBase"]
[SourceDate "2024.09.30"]
[SourceVersion "1"]
[SourceVersionDate "2024.09.30"]
[SourceQuality "1"]

1. Nf3 Nf6 2. g3 d5 3. Bg2 c5 4. 0-0 Bg4 5. c4 e6 6. d4 Nc6 7. cxd5 Nxd5 8. e4 Nf6 9. d5 exd5 10. exd5 Qxd5 11. Re1+ Be7 12. Qxd5 Nxd5 13. Ne5 Nxe5 14. Rxe5 Nb4 15. Na3 Nd3 16. Re3 Nxc1 17. Rxc1 Kd7 18. Nc4 Be6 19. Ne5+ Kc7 20. b4 Rhe8 21. bxc5 Bxa2 22. c6 b6 23. Rd3 Rad8 24. Rd7+ Kc8 25. Rxa7 Bb3 26. c7 1-0

[Event "WLS-chB 68th"]
[Site "Cardiff"]
[Date "2024.04.01"]
[Round "6"]
[White "Westcott, Dale"]
[Black "Roberts, David Llewelyn"]
[Result "1/2-1/2"]
[WhiteElo "1772"]
[BlackElo "1972"]
[PlyCount "73"]
[EventDate "2024.03.29"]
[EventType "swiss"]
[EventRounds "7"]
[EventCountry "WLS"]
[SourceTitle "CBM 219 Extra"]
[Source "ChessBase"]
[SourceDate "2024.05.31"]
[SourceVersion "1"]
[SourceVersionDate "2024.05.31"]
[SourceQuality "1"]

1. Nf3 Nf6 2. g3 g6 3. b3 Bg7 4. Bb2 0-0 5. Bg2 d6 6. d4 Nbd7 7. 0-0 e5 8. dxe5 Ng4 9. Qd2 Ngxe5 10. Nxe5 dxe5 11. Rd1 c6 12. c4 Qb6 13. Nc3 Nc5 14. Ba3 Re8 15. Qe3 Ne6 16. Qd2 f5 17. Na4 Qd4 18. Qa5 Qg4 19. Nb6 axb6 20. Qxa8 Ng5 21. Rd2 f4 22. Rad1 Bf6 23. Qb8 f3 24. exf3 Nxf3+ 25. Bxf3 Qxf3 26. Rd3 Qf5 27. Qc7 e4 28. Rd8 Bxd8 29. Rxd8 Rxd8 30. Qxd8+ Kg7 31. Qe7+ Kh6 32. Bc1+ g5 33. h4 Kh5 34. hxg5 Kg4 35. Qf6 Kf3 36. Qc3+ Kg4 37. Qf6 1/2-1/2

[Event "Cardiff Welsh op"]
[Site "Cardiff"]
[Date "2023.04.08"]
[Round "3"]
[White "Yoganand"]
[Black "Westcott, Dale"]
[Result "1-0"]
[WhiteElo "2178"]
[BlackElo "1607"]
[PlyCount "77"]
[EventDate "2023.04.07"]
[EventType "swiss"]
[EventRounds "7"]
[EventCountry "WLS"]
[SourceTitle "EXT 2024"]
[Source "ChessBase"]
[SourceDate "2023.10.10"]
[SourceVersion "1"]
[SourceVersionDate "2023.10.10"]
[SourceQuality "1"]

1. d4 d5 2. e3 Nf6 3. f4 Bf5 4. Nf3 Nbd7 5. Bd3 Ne4 6. 0-0 Ndf6 7. c4 e6 8. c5 c6 9. Ne5 Be7 10. Na3 0-0 11. g4 Bg6 12. g5 Nd7 13. Nxg6 hxg6 14. Bxe4 dxe4 15. Qc2 f5 16. Qb3 Kf7 17. Qxb7 Bxg5 18. fxg5 Qxg5+ 19. Kh1 Rad8 20. Qc7 Qh5 21. Qf4 Nf6 22. Nc4 Rh8 23. Ne5+ Kg8 24. Bd2 g5 25. Qg3 Rb8 26. b3 Rc8 27. Rf2 g6 28. Rg1 g4 29. Nc4 Kg7 30. Qe5 g3 31. Rxg3 Qd1+ 32. Rg1 Qh5 33. Nd6 Rcd8 34. Nxe4 Rdf8 35. Nxf6 Rxf6 36. Qc7+ Rf7 37. Qxc6 Qh4 38. Rfg2 Rh6 39. Qxe6 1-0

[Event "Hampshire-chB"]
[Site "Fareham"]
[Date "2022.11.05"]
[Round "2"]
[White "Stout, Nick"]
[Black "Westcott, Dale"]
[Result "0-1"]
[WhiteElo "1735"]
[BlackElo "1635"]
[PlyCount "68"]
[EventDate "2022.11.04"]
[EventType "swiss"]
[EventRounds "6"]
[EventCountry "ENG"]
[SourceTitle "EXT 2024"]
[Source "ChessBase"]
[SourceDate "2023.10.10"]
[SourceVersion "1"]
[SourceVersionDate "2023.10.10"]
[SourceQuality "1"]

1. d4 d5 2. e3 Nf6 3. Bd3 g6 4. Nd2 Bg7 5. Ngf3 0-0 6. Ne5 Nbd7 7. f4 c5 8. c3 Qc7 9. 0-0 b6 10. Qf3 Bb7 11. b3 c4 12. Be2 cxb3 13. Nxb3 Ne4 14. Ba3 Ndf6 15. Rac1 a5 16. Bb5 a4 17. Na1 Nd2 18. Qe2 Nxf1 19. Kxf1 Ne4 20. c4 Bxe5 21. fxe5 Rfc8 22. Qc2 dxc4 23. Bxc4 Qxc4+ 24. Qxc4 Rxc4 25. Rxc4 Nd2+ 26. Ke2 Nxc4 27. Bxe7 Bxg2 28. Nc2 Rc8 29. Nb4 Be4 30. d5 Nxe5 31. d6 Rc4 32. a3 f5 33. Bf6 Nd7 34. Bd4 Kf7 0-1

[Event "Hampshire-chB"]
[Site "Fareham"]
[Date "2022.11.05"]
[Round "4"]
[White "Syed, Ashraf"]
[Black "Westcott, Dale"]
[Result "0-1"]
[WhiteElo "1714"]
[BlackElo "1635"]
[PlyCount "48"]
[EventDate "2022.11.04"]
[EventType "swiss"]
[EventRounds "6"]
[EventCountry "ENG"]
[SourceTitle "EXT 2024"]
[Source "ChessBase"]
[SourceDate "2023.10.10"]
[SourceVersion "1"]
[SourceVersionDate "2023.10.10"]
[SourceQuality "1"]

1. d4 d5 2. Bf4 Nf6 3. e3 Bf5 4. c4 e6 5. Qb3 Qc8 6. Nc3 Bd6 7. Bg3 0-0 8. Nf3 dxc4 9. Bxc4 Nc6 10. Be2 a5 11. e4 Nxe4 12. 0-0 Nxg3 13. hxg3 a4 14. Qd1 Rd8 15. Nh4 e5 16. Nxf5 Qxf5 17. Bd3 Qf6 18. Ne4 Qh6 19. Rc1 Nxd4 20. Nd2 c6 21. Nf3 e4 22. Bxe4 Qxc1 23. Qxd4 Qh6 24. Rd1 Be7 0-1